| 000 | 00788nam a2200229Ia 4500 | ||
|---|---|---|---|
| 003 | GCL | ||
| 008 | 140319s9999 xx 000 0 ara d | ||
| 040 |
_aGCL / _cGCL |
||
| 082 | 0 | 4 |
_aط _b212.2 _bى ب |
| 100 | 1 | _aيوسف العظم | |
| 245 | 1 | 0 |
_aبراعم الاسلام: منهاج خاص برياض الاطفال0القسم الثانى : فى الحياة / _cيوسف العظم |
| 300 | _a84 ص | ||
| 490 |
_aمع الجيل المسلم _v0 |
||
| 650 | 0 | 4 | _aالاسلام |
| 650 | 0 | 4 | _aالاطفال |
| 650 | 0 | 4 | _aرياض الاطفال |
| 650 | 0 | 4 | _aالفضائل الاسلامية |
| 650 | 0 | 4 | _aالاطفال - العناية الصحية |
| 650 | 0 | 4 | _aالاطفال - تعليم |
| 650 | 0 | 4 | _aالاطفال - الحياة الدينية |
| 942 |
_2ddc _cBK |
||
| 999 |
_c51235 _d51235 |
||